Memoria presentada a las Cortes Constituyentes / (Record no. 153932)

MARC details
000 -LEADER
campo de control de longitud fija 00735nam a2200193 i 4500
001 - NÚMERO DE CONTROL
campo de control 153932
003 - IDENTIFICADOR DE NÚMERO DE CONTROL
campo de control ES-MaACL
005 - FECHA Y HORA DE LA ÚLTIMA TRANSACCIÓN
campo de control 20231226151837.0
008 - DATOS DE LONGITUD FIJA--INFORMACIÓN GENERAL
campo de control de longitud fija 010731s1869 sp |||| | spa d
110 1# - ENTRADA PRINCIPAL--NOMBRE DE ENTIDAD CORPORATIVA
Nombre de entidad corporativa o nombre de jurisdicción como elemento de entrada España.
Unidad subordinada Ministerio de Ultramar.
9 (RLIN) 3937
245 10 - MENCIÓN DEL TÍTULO
Título Memoria presentada a las Cortes Constituyentes /
Mención de responsabilidad, etc. por el Ministro de Ultramar, Adelardo López de Ayala, en 22 de febrero de 1869.
260 ## - PUBLICACIÓN, DISTRIBUCIÓN, ETC.
Lugar de publicación, distribución, etc. Madrid :
Nombre del editor, distribuidor, etc. [s.n.],
Fecha de publicación, distribución, etc. 1869 (
Fabricante Imp. de la Biblioteca Universal Económica)
300 ## - DESCRIPCIÓN FÍSICA
Extensión 151 p. ;
Dimensiones 25 cm.
651 #4 - PUNTO DE ACCESO ADICIONAL DE MATERIA--NOMBRE GEOGRÁFICO
Nombre geográfico Cuba-
Subdivisión general Historia.
9 (RLIN) 8094
651 #4 - PUNTO DE ACCESO ADICIONAL DE MATERIA--NOMBRE GEOGRÁFICO
Nombre geográfico Puerto Rico-
Subdivisión general Historia.
9 (RLIN) 9280
700 1# - ENTRADA AGREGADA--NOMBRE PERSONAL
Nombre de persona López de Ayala, Adelardo,
Fechas asociadas al nombre 1828-1879
9 (RLIN) 139648
852 ## - LOCALIZACIÓN
Ubicación ES-MaACL
Número de control de estantería G-7635(1)
Nota libre - Enc. hol.
Holdings
Estatus retirado Estado de pérdida Estado de daño No para préstamo Colección Biblioteca de origen Biblioteca actual Ubicación en estantería Fecha de adquisición Fuente de adquisición Total de préstamos Signatura topográfica completa Código de barras Visto por última vez Precio de reemplazo Tipo de ítem Koha
        Libros del s. XIX Biblioteca del Ateneo de Madrid Biblioteca del Ateneo de Madrid Sala Pecera Planta 3 17/01/2008     G-7635(1) 1160938 23/02/2023 23/02/2023 Libro impreso antiguo